Central Library OPAC University of Rajshahi

Problems of general management : (Record no. 15913)

MARC details
000 -LEADER
fixed length control field 00887cam a2200265u 4500
001 - CONTROL NUMBER
control field 15913
003 - CONTROL NUMBER IDENTIFIER
rucl marc code BD-RjUL
005 - DATE AND TIME OF LATEST TRANSACTION
control field 20211208235918.0
008 - FIXED-LENGTH DATA ELEMENTS--GENERAL INFORMATION
fixed length control field 140211s1961 ilua 001 0 eng
035 ## - SYSTEM CONTROL NUMBER
System control number (BD-RjUL)15968
040 ## - CATALOGING SOURCE
Original cataloging agency DLC
Transcribing agency CarP
Modifying agency DLC
-- BD-RjUL
Language of cataloging eng
041 ## - LANGUAGE CODE
Language code of text/sound track or separate title eng
082 ## - DEWEY DECIMAL CLASSIFICATION NUMBER
Edition number 19
Classification number 658.5
Author mark and year LEP 1961
100 1# - MAIN ENTRY--PERSONAL NAME
Personal name Learned, Edmund P.
Fuller form of name (Edmund Philip.)
9 (RLIN) 49326
245 10 - TITLE STATEMENT
Title Problems of general management :
Remainder of title business policy: a series casebook /
Statement of responsibility, etc. [by] Edmund P. Learned, C. Roland Christensen and Kenneth R. Andrews
260 ## - PUBLICATION, DISTRIBUTION, ETC. (IMPRINT)
Place of publication, distribution, etc. Homewood, Ill. :
Name of publisher, distributor, etc. R. D. Irwin,
Date of publication, distribution, etc. c1961.
300 ## - PHYSICAL DESCRIPTION
Pagination xii, 738 p. :
Illustrations illus. ;
Size 24 cm.
504 ## - BIBLIOGRAPHY, ETC. NOTE
Bibliography, etc Includes index.
650 #0 - SUBJECT ADDED ENTRY--TOPICAL TERM
Topical term or geographic name as entry element Industrial management
General subdivision Case studies.
9 (RLIN) 46234
700 1# - ADDED ENTRY--PERSONAL NAME
Personal name Christensen, C. Roland
Personal name Andrews, Kenneth R.
942 ## - ADDED ENTRY ELEMENTS (KOHA)
Source of classification or shelving scheme Dewey Decimal Classification
Koha item type Books
Holdings
Lost status Source of classification or shelving scheme Damaged status Not for loan Collection code Permanent Location Current Location Shelving location Date acquired Source of acquisition Cost, normal purchase price Total Checkouts Full call number Date last seen Copy number Koha item type
  Dewey Decimal Classification     Non-fiction Central Library, University of Rajshahi Central Library, University of Rajshahi   03/09/1964 Zeitlinger 80.00   658.5 LEP 1961 11/02/2014 C-2 Books
  Dewey Decimal Classification   Not For Loan Non-fiction Central Library, University of Rajshahi Central Library, University of Rajshahi Reading Room 03/09/1964 zaitlinger 80.00   658.5 LEP 1961 11/11/2019 C-1 Books
  Dewey Decimal Classification     Non-fiction Central Library, University of Rajshahi Central Library, University of Rajshahi   03/09/1964 zaitlinger 80.00   658.5 LEP 1961 11/11/2019 C-3 Books
  Dewey Decimal Classification     Non-fiction Central Library, University of Rajshahi Central Library, University of Rajshahi   03/09/1964 zaitlinger 80.00   658.5 LEP 1961 11/11/2019 C-4 Books
  Dewey Decimal Classification     Non-fiction Central Library, University of Rajshahi Central Library, University of Rajshahi   03/09/1964 zaitlinger 80.00   658.5 LEP 1961 11/11/2019 C-5 Books